00334nam a2200133Ia 4500008004100000041001200041082001900053100002200072245003300094250001300127260003800140300001300178650000900191231217s9999 xx 000 0 und d aEnglish a621.392 ASH;6 aAshenden, Peter J 4aThe designer's guide to VHDL a 2nd ed. c2002bNew Delhi : Harcourt India, axxiv+759 aVHDL